<?xml version="1.0" encoding="UTF-8"?>
<marc:record xmlns:marc="http://www.loc.gov/MARC21/slim">
   <marc:leader>00000nam a2200000 a 4500</marc:leader>
   <marc:datafield ind1="1" ind2=" " tag="100">
      <marc:subfield code="a">Hayder, Mo</marc:subfield>
      <marc:subfield code="4">ctb</marc:subfield>
      <marc:subfield code="e">Mitwirkende/-r</marc:subfield>
   </marc:datafield>
   <marc:datafield ind1="1" ind2=" " tag="100">
      <marc:subfield code="a">Weimer, Tanja</marc:subfield>
      <marc:subfield code="4">ctb</marc:subfield>
      <marc:subfield code="e">Mitwirkende/-r</marc:subfield>
   </marc:datafield>
   <marc:datafield ind1="1" ind2=" " tag="100">
      <marc:subfield code="a">Freitag, Martin</marc:subfield>
      <marc:subfield code="4">ctb</marc:subfield>
      <marc:subfield code="e">Mitwirkende/-r</marc:subfield>
   </marc:datafield>
   <marc:datafield ind1="1" ind2=" " tag="100">
      <marc:subfield code="a">Sarnau, Anneke Kim</marc:subfield>
      <marc:subfield code="4">ctb</marc:subfield>
      <marc:subfield code="e">Mitwirkende/-r</marc:subfield>
   </marc:datafield>
   <marc:datafield ind1="1" ind2=" " tag="100">
      <marc:subfield code="a">Schmidt, Rainer</marc:subfield>
      <marc:subfield code="4">ctb</marc:subfield>
      <marc:subfield code="e">Mitwirkende/-r</marc:subfield>
   </marc:datafield>
   <marc:datafield ind1="0" ind2="0" tag="245">
      <marc:subfield code="a">Atem</marc:subfield>
   </marc:datafield>
   <marc:datafield ind1="0" ind2="0" tag="245">
      <marc:subfield code="c">Mo Hayder. Lesefassung: Tanja Weimer. Regie: Martin Freitag. Gelesen von Anneke Kim Sarnau. Aus dem Engl. von Rainer Schmidt</marc:subfield>
   </marc:datafield>
   <marc:datafield ind1=" " ind2="1" tag="264">
      <marc:subfield code="a">München</marc:subfield>
      <marc:subfield code="b">Der Hörverl.</marc:subfield>
      <marc:subfield code="c">2012</marc:subfield>
   </marc:datafield>
   <marc:datafield ind1="1" ind2=" " tag="520">
      <marc:subfield code="a">Angaben aus der Verlagsmeldung

Atem : Thriller / von Mo Hayder

ZWEI Schwestern, ZWEI Schicksale, EIN dunkles Geheimnis

Sally Benedict ist sich sicher: Alles fing mit dem Mord an Lorne Wood an, dem 16-jährigen Mädchen, das in dieselbe Schule ging wie ihre Tochter Millie. Man fand sie tot am Kanal, mit einem Tennisball im Mund. Doch dies ist nicht das Einzige, was Sally zu schaffen macht: Als ihre Tochter immer mehr Ansprüche stellt, schlägt Sally einen Weg ein, der sie tief in kriminelle Kreise führt. Und dann übernimmt auch noch ihre Schwester Zoë, die bei der Polizei arbeitet, den Fall Lorne Wood – und es geschieht etwas, das die beiden Schwestern für immer aneinander binden wird …

Anneke Kim Sarnau (Polizeiruf 110) ist eine Erzählerin von elektrisierender Intensität und macht so die ganze Raffinesse dieses Krimis erst richtig fühl- und hörbar.

</marc:subfield>
   </marc:datafield>
   <marc:datafield ind1=" " ind2=" " tag="020">
      <marc:subfield code="a">9783867178280</marc:subfield>
      <marc:subfield code="9">9783867178280</marc:subfield>
   </marc:datafield>
   <marc:datafield ind1=" " ind2=" " tag="300">
      <marc:subfield code="a">6 CDs (ca. 425 Min.)</marc:subfield>
   </marc:datafield>
</marc:record>
